00403pab a2200133 454500008004000000100002000040245010700060260000900167300001300176362000800189650002100197700001800218773003300236180718b2012 xxu||||| |||| 00| 0 eng d aBaptist, Carrie aParticipatory enumerations, in situ upgrading and mega events: The 2009 survey in Joe Slovo, Cape Town c2012 ap.59-66. aApr aHuman settlement aBolnick, Joel aEnvironment and Urbanization